| 000 | 01557nam0a2200289 4500 | ||
|---|---|---|---|
| 001 | RU\NLR\bibl\1205405 | ||
| 005 | 20260407130734.0 | ||
| 010 |
_a978-5-8311-0302-1 _91000 |
||
| 021 |
_aRU _b2008-7204 _9388 |
||
| 035 | _a(NLR Aleph) 001191872 | ||
| 090 |
_a1722435 _c1722435 |
||
| 100 | _a20080326d2007 |||y0rusy50 ca | ||
| 101 | 0 | _arus | |
| 102 | _aRU | ||
| 105 | _aa ||||||||| | ||
| 200 | 1 |
_aМестное самоуправление в современной России _e[сборник] _fИн-т стратег. развития муницип. образований "Малые города", Акад. социал. упр., Комис. Обществ. палаты РФ по регион. развитию и местному самоупр. |
|
| 210 |
_aМосква _cИСРМО "Малые города" _aВладимир _cВладимирская областная научная библиотека _cТранзит-ИКС _d2007 |
||
| 215 |
_a439 с. _cил., карт. _d20 |
||
| 320 | _aБиблиогр. в подстроч. прим. | ||
| 606 | 1 |
_aМестное самоуправление _yРоссийская Федерация _92077686 _3RU\NLR\auth\661253368 |
|
| 686 | _aХ621.011.2 | ||
| 712 | 0 | 2 |
_4570 _a"Малые города", институт стратегического развития муниципальных образований _cМосква _3RU\NLR\AUTH\8810076679 _9655526 |
| 801 | 0 |
_aRU _bNLR _c20080326 _gRCR |
|
| 801 | 1 |
_aRU _bNLR _c20080326 |
|
| 942 | _cBOOK | ||
| 980 | _aNB | ||